000 00758nam a22002411 4500
001 134285
003 ES-MaACL
005 20250901110114.0
007 t|
008 070907s1913 sp ||||0| spa d
016 7 _zIND2000943932
040 _aM-BN
_bspa
_cCDM
080 _a38(100)(02)
100 1 _aWhelpley, James Davenport.
_9116631
245 1 3 _aEl comercio del mundo /
_cversión castellana de Enrique Massaguer.
260 _aBarcelona :
_bMinerva,
_c[1913?]
300 _a436 p., 1 h ;
_c18 cm.
490 1 _aBiblioteca de cultura moderna y contemporánea
650 1 4 _aComercio-
_vHistoria
_911160
830 0 _aBiblioteca de cultura moderna y contemporánea
_9181123
852 _aES-MaACL
_jF-597
999 _c134285
_d134285